Planning gain supplement - another try at development land tax? (Record no. 76994)
[ view plain ]
| 000 -LEADER | |
|---|---|
| fixed length control field | 01024cab a2200241 4500 |
| 001 - CONTROL NUMBER | |
| control field | ##L133420 |
| 008 - FIXED-LENGTH DATA ELEMENTS--GENERAL INFORMATION | |
| fixed length control field | 060508n2006 000 0 eng u |
| 035 ## - SYSTEM CONTROL NUMBER | |
| System control number | (Sirsi) u133420 |
| 041 0# - LANGUAGE CODE | |
| Language code of text/sound track or separate title | eng |
| 100 1# - MAIN ENTRY--PERSONAL NAME | |
| Personal name | Grant, Jamie |
| 245 00 - TITLE STATEMENT | |
| Title | Planning gain supplement - another try at development land tax? |
| 260 ## - PUBLICATION, DISTRIBUTION, ETC. | |
| Date of publication, distribution, etc. | 2006 |
| 490 #0 - SERIES STATEMENT | |
| Series statement | RICS Website News |
| Volume/sequential designation | 16 March 2006 |
| 520 ## - SUMMARY, ETC. | |
| Summary, etc. | Provides a broad outline of the proposals prior to the Budget on 22 March 2006 from a Scottish perspective. Responds to key questions and suggests what is wrong with the proposals. |
| 650 24 - SUBJECT ADDED ENTRY--TOPICAL TERM | |
| Topical term or geographic name entry element | PLANNING GAIN SUPPLEMENT |
| 650 24 - SUBJECT ADDED ENTRY--TOPICAL TERM | |
| Topical term or geographic name entry element | SECTION 75 AGREEMENTS |
| 650 24 - SUBJECT ADDED ENTRY--TOPICAL TERM | |
| Topical term or geographic name entry element | TOWN AND COUNTRY PLANNING (SCOTLAND) ACT 1997 S75 |
| 690 ## - LOCAL SUBJECT ADDED ENTRY--TOPICAL TERM (OCLC, RLIN) | |
| Topical term or geographic name as entry element | ENVIRONMENTAL AND LAND CONSULTANCY-PLANNING AND DEVELOPMENT-PLANNING REFORM |
| 700 ## - ADDED ENTRY--PERSONAL NAME | |
| Personal name | D'Inverno, Isobel |
| 710 2# - ADDED ENTRY--CORPORATE NAME | |
| Corporate name or jurisdiction name as entry element | MacRoberts Solicitors |
| 9 (RLIN) | 3990 |
| 856 40 - ELECTRONIC LOCATION AND ACCESS | |
| Uniform Resource Identifier | <a href="https://www.rics.org/RICSWEB/getpage.aspx?p=Vs-ilLuQA0SFIoA1tc7Wqg ">https://www.rics.org/RICSWEB/getpage.aspx?p=Vs-ilLuQA0SFIoA1tc7Wqg </a> |
| Public note | View the item free of charge at www.rics.org... |
| 942 ## - ADDED ENTRY ELEMENTS (KOHA) | |
| Suppress in OPAC | 0 |
| Withdrawn status | Lost status | Source of classification or shelving scheme | Damaged status | Not for loan | Home library | Current library | Shelving location | Date acquired | Total Checkouts | Full call number | Barcode | Date last seen | Copy number | Price effective from | Koha item type |
|---|---|---|---|---|---|---|---|---|---|---|---|---|---|---|---|
| Dewey Decimal Classification | Virtual | Virtual | Online | 08/05/2006 | ONLINE PUBLICATION | 133420-2001 | 06/08/2019 | 1 | 06/08/2019 | Journal article |